đź“–150 premiers mots "Le quai des brumes" Pierre Mac Orlan - Statistiques

Statistiques générales
  • Ce quiz a Ă©tĂ© pris 7 fois
  • Le rĂ©sultat moyen est 86 sur 150
Statistiques - réponses
Mots % Correct
au
100%
C'
100%
d'
100%
de
100%
des
100%
du
100%
en
100%
En
100%
et
100%
était
100%
Il
100%
il
100%
Jean
100%
l'
100%
la
100%
le
100%
n'
100%
ne
100%
pas
100%
qu'
100%
un
100%
une
100%
avait
86%
homme
86%
jeune
86%
ou ...
86%
par
86%
quand
86%
qui
86%
Rabe,
86%
Rabe
86%
sa
86%
se
86%
son
86%
y
86%
avec
71%
quelque
71%
ses
71%
Toute
71%
vie
71%
ans,
57%
cela
57%
chose
57%
cinq
57%
comme
57%
dans
57%
faire
57%
faisait
57%
sans
57%
vingt-
57%
depuis
43%
entre
43%
mains
43%
mange.
43%
mangé
43%
viande
43%
chapeau
29%
feutre
29%
pouvait
29%
regardait
29%
belle
14%
chez
14%
choses
14%
nourrissait
14%
pommes
14%
semblait
14%
sortie
14%
terre
14%
afin
0%
alourdissait.
0%
amplifier
0%
appétit
0%
art
0%
bifteck.
0%
boréale.
0%
bouillante.
0%
cervelas
0%
consacrée
0%
cuits
0%
désirs
0%
devenu
0%
exactement
0%
faim
0%
frites
0%
graisse
0%
habileté
0%
imagination
0%
imaginer
0%
intellectuelle
0%
lycée,
0%
mangeait
0%
mangent.
0%
manger
0%
neige
0%
nourritures.
0%
obsédée
0%
perfectionnement
0%
prit
0%
profession,
0%
pureté
0%
saignante.
0%
sales
0%
satisfaction
0%
secoua
0%
semaines
0%
sept
0%
somme,
0%
surprenante
0%
tomber
0%
Aucun quiz correspondant
Distribution des résultats
% des personnes avec chaque résultat
Percentile par nombre de réponses
Votre historique - résultats
Vous n’avez pas pris ce quiz